00221nam a2200085Ia 450000100070000000500170000700800410002424500480006526000220011380873120250826171255.0250824s9999 xx 000 0 und d 0aŞEYTAN YEMİNİcJEAN CHRISTOPHE GRANGE bDOĞAN YAYINLARI